Planety Układu Słonecznego W 15 sekund - Statystyki

Ogólne statystyki
  • Ten quiz został rozwiązany 223 razy
  • Średni wynik to 7 z 8
Statystyki odpowiedzi
Planety % Poprawnych
Ziemia
96%
Mars
95%
Jowisz
93%
Wenus
84%
Merkury
83%
Saturn
82%
Uran
80%
Neptun
73%
Nie znaleziono quizów pasujących do podanych kryteriów
Rozkład punktacji
Procent ludzi z każdym wynikiem
Percentyl według liczby udzielonych odpowiedzi
Twoja historia wyników
Nie rozwiązałeś tego quizu